Movies Quiz

Random Movies Quiz

Paranormal Activity Quiz Stats

 Plays Quiz not verified by Sporcle

Score 0/7 Timer 10:00
0 Plays Today
Scene Items % Correct
In the beginning, Micah surprises Katie with this.Video Camera
86.3%
Katie discovers this item in the attic.Childhood Picture
85.8%
This is what is attacking them.Demon
84%
Micah spreads this on the floor.Baby Powder
73.6%
Micah buys this after Katie told him not to.Ouija Board
64.8%
After Katie gets attacked and dragged, Micah finds this on her leg.Bite Mark
61.1%
After an attack, this gets smashed.Picture of them.
6.7%

You're not logged in!

Compare scores with friends on all Sporcle quizzes.
OR
Log In

Show Comments

Extras

Created Nov 7, 2010ReportNominate
Tags:activity, item, scene

Top Quizzes Today


Score Distribution

Your Account Isn't Verified!

In order to create a playlist on Sporcle, you need to verify the email address you used during registration. Go to your Sporcle Settings to finish the process.

Report this User

Report this user for behavior that violates our Community Guidelines.

Details: